000 00367pam a2200157a 44500
008 230515b1986 xxu||||| |||| 00| 0 eng d
020 _aNULL
041 _aENGL
082 _a629.892 / SCO
100 _aSCOTT P.B.
245 _aTHE ROBOTICS REVOLUTION THE COMPLETE GUIDE
250 _aN.D.
260 _aNULL
_bBLACK
_c1986
300 _a345 PB
650 _aNULL
999 _c632385
_d632385